000 01261cam a2200325 a 4500
001 1641892
003 OSt
005 20240612104741.0
008 960229s1996 enka b 001 0 eng d
010 _a 96139924
020 _a0521553768 (hardback)
020 _a0521556554 (paperback)
035 _a(OCoLC)34290705
040 _aWaU
_cWaU
_dDLC
042 _alccopycat
082 0 0 _a515
_bASE 2006
100 1 _aIserles, A.
_917086
245 1 2 _aA first course in the numerical analysis of differential equations /
_cArieh Iserles.
246 3 0 _aNumerical analysis of differential equations
260 _aCambridge ;
_aNew York :
_bCambridge University Press,
_c2006
300 _axvi, 378 p. :
_bill. ;
_c26 cm.
440 0 _aCambridge texts in applied mathematics
_917087
504 _aIncludes bibliographical references and index.
650 0 _aDifferential equations
_xNumerical solutions.
_917088
856 4 2 _3Publisher description
_uhttp://www.loc.gov/catdir/description/cam028/96139924.html
856 4 1 _3Table of contents
_uhttp://www.loc.gov/catdir/toc/cam027/96139924.html
906 _a7
_bcbc
_ccopycat
_d2
_encip
_f19
_gy-gencatlg
942 _2ddc
_cO_SHELF
999 _c8402
_d8402